000
00322nam a22001457a 4500
008
221104b ||||| |||| 00| 0 eng d
020
_a
0871137224
041
_a
eng
080
_a
530.14
082
_a
530.14 LIN
100
_a
24.1
101
_a
KAPI
245
_a
ROAD TRIPS HEAD TRIPS
_c
LINDAMOOD J
942
_2
udc
_c
BK
999
_c
58753
_d
58753